000
00226 a2200097 4500
001
46870
100
_a
Nelson H
245
_a
the Chinese military system
260
_a
London
_b
Toronto cox publisher
_c
090
_c
29955
_d
29955
942
_a
NUST-CAE
_c
M
_c
22174
999
_c
281943
_d
281943